Bush House, Aldwych, Strand, London, W.C.2 (Record no. 116494)

MARC details
000 -LEADER
fixed length control field 00638cam a22001935a 4500
001 - CONTROL NUMBER
control field L140825
008 - FIXED-LENGTH DATA ELEMENTS--GENERAL INFORMATION
fixed length control field 071015n xxk eng u
035 ## - SYSTEM CONTROL NUMBER
System control number (Sirsi) u140825
041 0# - LANGUAGE CODE
Language code of text/sound track or separate title eng
245 00 - TITLE STATEMENT
Title Bush House, Aldwych, Strand, London, W.C.2
260 ## - PUBLICATION, DISTRIBUTION, ETC.
Place of publication, distribution, etc. S.l.
Name of publisher, distributor, etc. s.n.
Date of publication, distribution, etc. [1920?]
300 ## - PHYSICAL DESCRIPTION
Extent [16] p.
Other physical details ill, map, plans
Dimensions 30 cm.
340 ## - PHYSICAL MEDIUM
Material base and configuration Printed
351 ## - ORGANIZATION AND ARRANGEMENT OF MATERIALS
Hierarchical level Single item
500 ## - GENERAL NOTE
General note A promotional brochure for Bush House, including artist's impressions, floor plans and a location plan. The building was forecast to be ready for occupation in Summer 1923.
651 4# - SUBJECT ADDED ENTRY--GEOGRAPHIC NAME
Geographic name London
690 ## - LOCAL SUBJECT ADDED ENTRY--TOPICAL TERM (OCLC, RLIN)
Topical term or geographic name as entry element BUILT ENVIRONMENT
942 ## - ADDED ENTRY ELEMENTS (KOHA)
Suppress in OPAC 0
Holdings
Withdrawn status Lost status Source of classification or shelving scheme Damaged status Not for loan Home library Current library Shelving location Date acquired Total Checkouts Full call number Barcode Date last seen Copy number Price effective from Koha item type
    Dewey Decimal Classification     London London Basement 15/10/2007   BASEMENT BOX 2 30013178 06/08/2019 1 06/08/2019 Archive